000 01159nam a2200205Ia 4500
003 OSt
005 20241004140859.0
007 ca aa aaaaa
008 201103s9999 xx 000 0 und d
040 _cSSBUL
041 _abur
082 _223
_a၂၉၄.၃၀၉၂ ဝိ
_b၉၃၄၃ S-SAT
100 0 _a ဝိမလ၊ အရှင်(သာသနဓဇဓမ္မာစရိယ)
_917412
245 1 0 _aကချင်ပြည်နယ်မိုးကောင်းမြို့ ပရဟိတ သပြေပင်ကျောင်းထွက်ရပေါက်ဆရာတော် ဦးပရမ၏ ထေရုပ္ပတ္တိသင်္ခေပကထာ /
_cအရှင်ဝိမလ(သာသနဓဇဓမ္မာစရိယ)။
260 _a[မန္တလေး] ၊
_bယုဝရောင်စုံပုံနှိပ်တိုက်၊
_c၁၉၇၉။
300 _a၁၄၆ စာမျက်နှာ ၊
_bပုံများ၊
_c၁၉ စင်တီ။
500 _aS-SAT: Prof. Dr. Sai Aung Tun
650 _aဦးပရမ
_xထေရုပ္ပတ္တိ
_954879
942 _2ddc
_cBK1
999 _c16845
_d16845